000 00312nam a22001457a 4500
008 230517b ||||| |||| 00| 0 eng d
020 _a9780073511177
041 _aeng
080 _27E
_a575
082 _a575SIL
100 _a13
101 _aBIOKIMI
245 _aCHEMISTRY
_cSILBERBERG
942 _2udc
_cBK
999 _c59758
_d59758